000 00858nmm a2200265 a 4500
001 ocm000955293
003 TR-IsHL
005 20201028150337.0
008 150110s2013 tu tur
007 cr cn
020 _a9786055249212
035 _a955293
_b(N$T)
050 0 4 _aPL248.G65
_bA63 2013
090 0 4 _aPL248.G65
_bA63 2013
100 1 _aGökhan, Halil
245 1 0 _aAnahtar deliği
_h[electronic resource] /
_cHalil Gökhan
260 _aİstanbul :
_bKafekültür Yayıncılık,
_c2013
300 _a45 p.
650 4 _aDil ve Edebiyat
650 4 _aLanguage and Literature
650 0 _aTürk edebiyatı
_x Anlatı
650 0 _aTurkish literature
_x Narrative
650 7 _aLITERARY COLLECTIONS / Middle Eastern
_2bisacsh
856 4 0 _uhttp://search.ebscohost.com/login.aspx?direct=true&scope=site&db=e011xww&AN=955293
999 _c10423
_d10423